| 000 | 01099nam a2200301Ia 4500 | ||
|---|---|---|---|
| 003 | OSt | ||
| 005 | 20221007123407.0 | ||
| 006 | a|||||r|||| 00| 0 | ||
| 007 | ta | ||
| 008 | 221006b |||||||| |||| 00| 0 eng d | ||
| 020 |
_a047116433X(V1) (pbk) _c _ 104.95 |
||
| 024 | _a10729 | ||
| 037 |
_bN R, _cTextual |
||
| 040 |
_aPAPL _cPAPL _beng |
||
| 041 |
_2eng _aeng |
||
| 082 | _aCN26, L7.1;4 | ||
| 100 | _aCohen-Tannoudji Claude | ||
| 245 | 0 |
_aQuantum mechanics by Claude Cohen-Tannoudji and others _b Diu Bernard Laloe Franck |
|
| 260 |
_aNew _bYork John Wiley Sons _c1977 |
||
| 490 | _vV 1: (xv, 898p) | ||
| 500 | _aBibliography 873-889p; Index 891-898p; ^n23/CSL/CARPA/2002-2003/381^d2003-01-03^mPurchase; ; 2003-04/35^b2003-06-25^c036/03^d2003-06-20^eRs.4,411.00^fN R Book Distributors; ; 2003-07-24^cSB^c2003-07-24^dRPS | ||
| 650 | _a Quantum mechanics | ||
| 650 | _aPhysics | ||
| 700 | _a Diu Bernard | ||
| 700 | _a Laloe Franck | ||
| 942 |
_hCN26, L7.1;4 _cTEXL _2CC |
||
| 999 |
_c1211813 _d1211813 |
||